| Tag |
First Indicator |
Second Indicator |
Subfields |
| LEADER |
00000cas a2200000 4500 |
| 001 |
in00000045747 |
| 005 |
20151007075239.0 |
| 008 |
740709d19741974maumr1 b 0uuua0eng |
| 010 |
|
|
|a 73019398
|
| 012 |
|
|
|a 2
|b 3
|c -
|d 7
|e n
|f -
|g p
|h -
|i ----
|
| 019 |
|
|
|a 1781684
|
| 022 |
|
|
|a 0091-7907
|
| 035 |
|
|
|a (OCoLC)01784401
|
| 035 |
|
|
|9 AAF2890AM
|
| 037 |
|
|
|b 70 Lincoln St.
|
| 040 |
|
|
|a DLC
|c DLC
|d NSD
|d OCL
|d DLC
|d TXA
|d UtOrBLW
|
| 042 |
|
|
|a lc
|a nsdp
|
| 049 |
|
|
|a [Bib Cntr] TXAE [Latest] [ed: Ref]
|a TXAF
|
| 050 |
0 |
0 |
|a Z5051
|b .C65
|
| 060 |
|
0 |
|a ZW 3 C749
|
| 082 |
0 |
|
|a 011
|
| 222 |
|
0 |
|a Conference publications guide
|
| 245 |
0 |
0 |
|a Conference publications guide.
|
| 264 |
|
1 |
|a Boston :
|b G.K. Hall.
|
| 300 |
|
|
|a 1 volume
|
| 336 |
|
|
|a text
|b txt
|2 rdacontent
|
| 337 |
|
|
|a unmediated
|b n
|2 rdamedia
|
| 338 |
|
|
|a volume
|b nc
|2 rdacarrier
|
| 362 |
0 |
|
|a 1974.
|
| 650 |
|
0 |
|a Congresses and conventions
|x Bibliography.
|
| 730 |
0 |
|
|a Bibliographic guide to conference publications.
|
| 785 |
0 |
0 |
|t Bibliographic guide to conference publications
|x 0360-2729
|
| 999 |
|
|
|a MARS
|
| 999 |
f |
f |
|s 89845065-a574-384c-94f6-1ab0757b2e0d
|i 890c5b38-543f-348c-83bc-22b793d2384a
|t 0
|
| 952 |
f |
f |
|p ric
|a Texas A&M University
|b Rellis Campus
|c Joint Library Facility
|d Remote Storage
|t 0
|e Z5051 .C65
|h Library of Congress classification
|i unmediated -- volume
|l 1974
|m A14808841740
|
| 998 |
f |
f |
|a Z5051 .C65
|s 1974
|t 0
|l Remote Storage
|